[Event "EU-ch 20th"]
[Site "Skopje"]
[Date "2019.03.27"]
[Round "9"]
[White "Peycheva, Gergana"]
[Black "Markovski, Velo"]
[Result "1-0"]
[WhiteElo "2065"]
[BlackElo "1935"]
[PlyCount "87"]
[EventDate "2019.03.18"]
[EventType "swiss"]
[EventRounds "11"]
[EventCountry "MKD"]
[SourceTitle "CBM 189"]
[Source "ChessBase"]
[SourceDate "2019.04.29"]
[SourceVersion "1"]
[SourceVersionDate "2019.04.29"]
[SourceQuality "1"]

1. d4 e6 2. g3 f5 3. Bg2 Nf6 4. c4 Bb4+ 5. Nd2 0-0 6. Ngf3 Nc6 7. 0-0 Bxd2 8. Qxd2 Ne4 9. Qc2 Qe8 10. b3 d6 11. Bb2 Qh5 12. a3 Ne7 13. Ne1 Nf6 14. Nd3 g5 15. e3 Ng6 16. f3 Bd7 17. e4 fxe4 18. fxe4 Ng4 19. Bf3 Rxf3 20. Rxf3 Nxh2 21. Rf2 Ng4 22. Qe2 Qh3 23. Rf3 d5 24. cxd5 exd5 25. e5 Bb5 26. Qg2 Qh6 27. Nf2 Nxf2 28. Qxf2 g4 29. Rf6 Bd3 30. Bc1 Qg7 31. Qe3 Be4 32. Qg5 Bf3 33. Bd2 Rf8 34. Re1 Re8 35. Qh6 Qe7 36. Bb4 c5 37. Bxc5 Qxf6 38. exf6 Rxe1+ 39. Kf2 Re2+ 40. Kf1 Kf7 41. Qg7+ Ke6 42. f7 Rh2 43. Qxg6+ hxg6 44. f8Q 1-0

[Event "Skopje Karposh op"]
[Site "Skopje"]
[Date "2016.04.01"]
[Round "1"]
[White "Markovski, Velo"]
[Black "Milanovic, Danilo"]
[Result "0-1"]
[WhiteElo "1983"]
[BlackElo "2480"]
[PlyCount "130"]
[EventDate "2016.04.01"]
[EventType "swiss"]
[EventRounds "9"]
[EventCountry "MKD"]
[SourceTitle "CBM 171 Extra"]
[Source "ChessBase"]
[SourceDate "2016.04.26"]
[SourceVersion "1"]
[SourceVersionDate "2016.04.26"]
[SourceQuality "1"]

1. e4 d5 2. exd5 Qxd5 3. Nc3 Qd6 4. Bc4 Nf6 5. d3 a6 6. Nge2 b5 7. Bb3 Bb7 8. f3 Qb6 9. Ng3 e6 10. Qe2 Nbd7 11. Bg5 h6 12. Bd2 Be7 13. 0-0-0 Nc5 14. Rde1 0-0-0 15. Be3 Nxb3+ 16. axb3 Qc6 17. Nge4 a5 18. Bd2 b4 19. Na4 Ba6 20. Kb1 Bb5 21. Nxf6 Bxf6 22. Qe4 Rd5 23. Bf4 Kd7 24. Re2 Bxa4 25. bxa4 Qxa4 26. Qc4 Qc6 27. Qxc6+ Kxc6 28. Rhe1 Rhd8 29. Be5 Bxe5 30. Rxe5 Rxe5 31. Rxe5 Rd5 32. Re4 Kb5 33. b3 c5 34. Kb2 Rg5 35. Re2 Kc6 36. Kc1 Kb5 37. g3 a4 38. bxa4+ Kxa4 39. Kb2 Rd5 40. Re3 Rd6 41. Re4 Kb5 42. Kb3 Ra6 43. Kb2 Kc6 44. Kb1 Kd5 45. Kb2 f5 46. Re2 e5 47. Re1 g5 48. h3 h5 49. Kb3 Kd4 50. Kb2 Ra7 51. Re2 f4 52. g4 hxg4 53. hxg4 Rh7 54. Re4+ Kd5 55. Re1 Rh2 56. Rf1 Kd4 57. Kb3 Re2 58. Rh1 Ke3 59. Rh5 Kxf3 60. Rxg5 Kg2 61. Rf5 f3 62. g5 f2 63. g6 f1Q 64. Rg5+ Kh1 65. g7 Qf7+ 0-1

[Event "Skopje Karposh op"]
[Site "Skopje"]
[Date "2015.04.03"]
[Round "9"]
[White "Markovski, Velo"]
[Black "Tsintsar, Zoran"]
[Result "1/2-1/2"]
[WhiteElo "2011"]
[BlackElo "1770"]
[PlyCount "98"]
[EventDate "2015.03.27"]
[EventType "swiss"]
[EventRounds "9"]
[EventCountry "MKD"]
[SourceTitle "CBM 165 Extra"]
[Source "ChessBase"]
[SourceDate "2015.04.21"]
[SourceVersion "1"]
[SourceVersionDate "2015.04.21"]
[SourceQuality "1"]

1. e4 c5 2. Nf3 Nc6 3. Nc3 g6 4. Bc4 Bg7 5. d3 Nf6 6. Be3 b6 7. Qd2 e6 8. Bg5 h6 9. Bf4 d5 10. exd5 exd5 11. Bb5 Bb7 12. 0-0-0 a6 13. Rde1+ Kf8 14. Bxc6 Bxc6 15. Ne5 Bb7 16. f3 b5 17. Ng4 Nxg4 18. fxg4 Rc8 19. Rhf1 Kg8 20. Be5 Rh7 21. Qf4 Qg5 22. Bxg7 Rxg7 23. Qxg5 hxg5 24. Rf6 Rc7 25. Re5 Rd7 26. h3 Rh7 27. Re8+ Kg7 28. Rf2 Rh8 29. Rxh8 Kxh8 30. d4 c4 31. Re2 Kg7 32. Nb1 Kf6 33. Nd2 Re7 34. Rxe7 Kxe7 35. Nf3 f6 36. Kd2 Bc8 37. Kc3 a5 38. a3 Kd6 39. b4 a4 40. Kd2 Bd7 41. Ke3 Ke7 42. Ng1 Kf7 43. Ne2 Kg7 44. Nc3 Bc6 45. g3 Kh6 46. Ne2 Bd7 47. Kf3 Kg7 48. Ng1 Kh6 49. h4 Be8 1/2-1/2

[Event "Skopje Karposh op"]
[Site "Skopje"]
[Date "2015.03.31"]
[Round "6"]
[White "Ilic, Ljubomir"]
[Black "Markovski, Velo"]
[Result "1-0"]
[WhiteElo "2193"]
[BlackElo "2011"]
[PlyCount "95"]
[EventDate "2015.03.27"]
[EventType "swiss"]
[EventRounds "9"]
[EventCountry "MKD"]
[SourceTitle "CBM 165 Extra"]
[Source "ChessBase"]
[SourceDate "2015.04.21"]
[SourceVersion "1"]
[SourceVersionDate "2015.04.21"]
[SourceQuality "1"]

1. e4 d5 2. exd5 Qxd5 3. Nf3 Bg4 4. Be2 c6 5. 0-0 e6 6. d4 Nf6 7. h3 Bxf3 8. Bxf3 Qd8 9. c4 Bd6 10. Nc3 Nbd7 11. Be3 0-0 12. Qb3 Rb8 13. Rfd1 Qc7 14. Rac1 Bh2+ 15. Kh1 Bf4 16. Ne2 Bxe3 17. fxe3 Qa5 18. Qc3 Qg5 19. e4 e5 20. d5 c5 21. Rf1 b5 22. cxb5 Rxb5 23. b3 Rfb8 24. Qd3 Rb4 25. Rc4 R4b6 26. Nc3 Ne8 27. Na4 Rb5 28. Rfc1 Nd6 29. R4c2 f5 30. exf5 Rb4 31. Nc3 Rd4 32. Qa6 Qe7 33. Re1 e4 34. Bg4 h5 35. f6 Nxf6 36. Be6+ Kh8 37. Qf1 Nb5 38. Ne2 Nc7 39. Nxd4 cxd4 40. Qf4 Qb4 41. Rxe4 Nxe4 42. Qxe4 Rf8 43. Qe5 Nxe6 44. dxe6 d3 45. Rc7 Rf1+ 46. Kh2 Qf8 47. Rd7 Kg8 48. e7 1-0

[Event "Skopje Karposh op"]
[Site "Skopje"]
[Date "2015.03.28"]
[Round "2"]
[White "Markovski, Velo"]
[Black "Potpara, Nikola"]
[Result "0-1"]
[WhiteElo "2011"]
[BlackElo "2353"]
[PlyCount "110"]
[EventDate "2015.03.27"]
[EventType "swiss"]
[EventRounds "9"]
[EventCountry "MKD"]
[SourceTitle "CBM 165 Extra"]
[Source "ChessBase"]
[SourceDate "2015.04.21"]
[SourceVersion "1"]
[SourceVersionDate "2015.04.21"]
[SourceQuality "1"]

1. e4 c5 2. Nf3 e6 3. d4 cxd4 4. Nxd4 Nc6 5. Nc3 Qc7 6. Ndb5 Qb8 7. Bg5 a6 8. Nd4 Nf6 9. Be2 Bc5 10. Be3 Qa7 11. Nxc6 bxc6 12. Bxc5 Qxc5 13. 0-0 0-0 14. Qd2 d5 15. Bd3 Qb6 16. Rab1 c5 17. b3 Bb7 18. e5 Nd7 19. Qg5 h6 20. Qg3 Rab8 21. Rfe1 Qc7 22. f4 f5 23. Qg6 Rfe8 24. Bf1 Nb6 25. Rbd1 d4 26. Na4 Nd5 27. Qg3 Re7 28. c3 Bc6 29. Nxc5 dxc3 30. Bc4 Qa7 31. Qf2 Nxf4 32. Qxf4 Qxc5+ 33. Qe3 Qa5 34. Rc1 c2 35. Rxc2 Be4 36. Qc3 Qc5+ 37. Rf2 Rc8 38. Qe3 Qxe5 39. Bxa6 Rc3 40. Qb6 Kh7 41. Rd2 Rc5 42. Bc4 Qc3 43. Qxc5 Qxd2 44. Re2 Qc1+ 45. Kf2 Qf4+ 46. Kg1 Qc1+ 47. Kf2 Qf4+ 48. Kg1 Rd7 49. Qf2 Qg5 50. h4 Rd1+ 51. Kh2 Qc1 52. Kg3 Rg1 53. Rc2 f4+ 54. Kh3 Bf5+ 55. Kh2 Rh1# 0-1

[Event "Skopje Karposh op"]
[Site "Skopje"]
[Date "2014.04.04"]
[Round "8"]
[White "Bojovic, Dusan"]
[Black "Markovski, Velo"]
[Result "1-0"]
[WhiteElo "2284"]
[BlackElo "2017"]
[PlyCount "149"]
[EventDate "2014.03.29"]
[EventType "swiss"]
[EventRounds "9"]
[EventCountry "MKD"]
[SourceTitle "CBM 159 Extra"]
[Source "ChessBase"]
[SourceDate "2014.04.24"]
[SourceVersion "1"]
[SourceVersionDate "2014.04.24"]
[SourceQuality "1"]

1. e4 d5 2. exd5 Qxd5 3. Nc3 Qa5 4. d4 c6 5. Nf3 Bg4 6. Bc4 e6 7. h3 Bxf3 8. Qxf3 Nf6 9. Bd2 Qc7 10. 0-0-0 Nbd7 11. Rhe1 0-0-0 12. Bb3 Nb6 13. Ne4 Nxe4 14. Qxe4 Be7 15. c4 Nd7 16. g4 h6 17. f4 Bh4 18. Rf1 Rhe8 19. g5 f5 20. gxf6 Bxf6 21. c5 Nf8 22. Bc3 a5 23. Rde1 b5 24. cxb6 Qxb6 25. Rd1 Qb5 26. Rf3 a4 27. Bc2 Nd7 28. Bd3 Qb7 29. Qe2 Qa7 30. Bg6 Re7 31. Qc4 Kc7 32. Be4 Nb8 33. Bb4 Red7 34. Bc5 Qb7 35. Qxa4 Qa6 36. Qb4 Qb5 37. Qc3 Na6 38. Bd3 Nxc5 39. Qxc5 Qxc5+ 40. dxc5 Rd4 41. a3 Rxf4 42. Rxf4 Bg5 43. Kc2 Bxf4 44. b4 Bg5 45. Re1 Re8 46. a4 e5 47. Be4 Rd8 48. b5 Be7 49. Bxc6 Bxc5 50. Rxe5 Bd6 51. Re4 Kb6 52. Re6 Bc5 53. Rg6 Bf8 54. Kc3 Rd6 55. Rg4 Ka5 56. Re4 Rd8 57. Kc4 Bd6 58. h4 Bc7 59. h5 Bb6 60. Kc3 Bc5 61. Rg4 Be3 62. Kc4 Bg5 63. Re4 Bf6 64. Kc5 Rd1 65. Bd5 Rc1+ 66. Bc4 Rd1 67. b6 Rd8 68. b7 Bg5 69. Kc6 Rf8 70. Be6 Ka6 71. Re5 Bd2 72. Bc8 Ka7 73. Kc7 Rf7+ 74. Bd7 Rf8 75. Be8 1-0

[Event "Skopje Karposh op"]
[Site "Skopje"]
[Date "2014.03.29"]
[Round "1"]
[White "Markovski, Velo"]
[Black "Kadric, Denis"]
[Result "0-1"]
[WhiteElo "2017"]
[BlackElo "2485"]
[PlyCount "92"]
[EventDate "2014.03.29"]
[EventType "swiss"]
[EventRounds "9"]
[EventCountry "MKD"]
[SourceTitle "CBM 159 Extra"]
[Source "ChessBase"]
[SourceDate "2014.04.24"]
[SourceVersion "1"]
[SourceVersionDate "2014.04.24"]
[SourceQuality "1"]

1. e4 c5 2. Nf3 d6 3. c3 Nf6 4. Bb5+ Nbd7 5. Qe2 a6 6. Ba4 e5 7. 0-0 Be7 8. d4 0-0 9. Bg5 h6 10. Bh4 Nh5 11. Bg3 Nxg3 12. hxg3 b5 13. Bc2 Bb7 14. Rd1 Qc7 15. d5 c4 16. Nbd2 g6 17. Nf1 Nc5 18. Ne3 Bc8 19. Rd2 Kg7 20. Rad1 Qa7 21. Nh2 Bd8 22. Kh1 Bb6 23. Nef1 Re8 24. f4 exf4 25. gxf4 Bf5 26. Ng3 Bxe4 27. Qg4 Bxc2 28. Rxc2 Ne4 29. f5 Nxg3+ 30. Qxg3 Re5 31. Rf1 Qd7 32. fxg6 fxg6 33. Qh4 Rae8 34. Qf6+ Kh7 35. Rcc1 Qe7 36. Qf3 Kg7 37. Rcd1 Rf8 38. Qh3 Rxf1+ 39. Rxf1 Rxd5 40. Qc8 Rh5 41. Qg4 d5 42. Qf4 Bc7 43. Qd4+ Be5 44. Qxd5 Rxh2+ 45. Kg1 Rh1+ 46. Kxh1 Qh4+ 0-1

[Event "Skopje Karposh op"]
[Site "Skopje"]
[Date "2013.03.13"]
[Round "6"]
[White "Posedaru, Bogdan Stefan"]
[Black "Markovski, Velo"]
[Result "1-0"]
[WhiteElo "2337"]
[BlackElo "2042"]
[PlyCount "132"]
[EventDate "2013.03.09"]
[EventType "swiss"]
[EventRounds "9"]
[EventCountry "MKD"]
[SourceTitle "CBM 153 Extra"]
[Source "ChessBase"]
[SourceDate "2013.04.22"]
[SourceVersion "1"]
[SourceVersionDate "2013.04.22"]
[SourceQuality "1"]

1. d4 e6 2. c4 f5 3. g3 Bb4+ 4. Nd2 Nf6 5. Bg2 0-0 6. Ngf3 Ne4 7. 0-0 Nxd2 8. Nxd2 c5 9. a3 Bxd2 10. Qxd2 cxd4 11. Qxd4 Nc6 12. Qd6 Qf6 13. Ra2 a5 14. b3 Ra6 15. Bb2 Qf7 16. Qd2 Ne7 17. Be5 d5 18. Rc2 dxc4 19. Rxc4 Nc6 20. Bxc6 Rxc6 21. Rxc6 bxc6 22. Qxa5 Qd7 23. Bc3 f4 24. Qe5 Ba6 25. gxf4 Rf5 26. Qe3 Qd5 27. f3 Qxb3 28. Qd4 Rf6 29. Kf2 Qb5 30. Qd2 Qc5+ 31. Bd4 Qd5 32. Qb2 Rxf4 33. Bxg7 Qc5+ 34. Kg2 Rf5 35. Bd4 Rg5+ 36. Kh1 Qb5 37. Qd2 Rg6 38. Bc3 Qg5 39. Qxg5 Rxg5 40. Rf2 Rc5 41. Rg2+ Kf7 42. Rg7+ Ke8 43. Bb4 Rc1+ 44. Kg2 c5 45. Rc7 Bxe2 46. Kf2 Bb5 47. Bd2 Rc2 48. Ke3 Bd7 49. h4 e5 50. h5 Ke7 51. Kd3 Ra2 52. Rxc5 Bf5+ 53. Ke2 Rxa3 54. Rxe5+ Kf6 55. Rc5 Rb3 56. Kf2 Rb2 57. Ke3 Rb3+ 58. Kf4 Bb1 59. Rc6+ Kf7 60. Kg4 Rb2 61. Bg5 Bd3 62. Rf6+ Ke8 63. Rd6 Bb1 64. Kf4 Rb4+ 65. Kg3 Rb5 66. f4 Bf5 1-0

[Event "Skopje Karposh op"]
[Site "Skopje"]
[Date "2013.03.11"]
[Round "4"]
[White "Ali Marandi, Cemil Can"]
[Black "Markovski, Velo"]
[Result "1-0"]
[WhiteElo "2371"]
[BlackElo "2042"]
[PlyCount "77"]
[EventDate "2013.03.09"]
[EventType "swiss"]
[EventRounds "9"]
[EventCountry "MKD"]
[SourceTitle "CBM 153 Extra"]
[Source "ChessBase"]
[SourceDate "2013.04.22"]
[SourceVersion "1"]
[SourceVersionDate "2013.04.22"]
[SourceQuality "1"]

1. e4 d5 2. exd5 Qxd5 3. Nc3 Qa5 4. d4 c6 5. Nf3 Bg4 6. h3 Bxf3 7. Qxf3 e6 8. Bd3 Nf6 9. 0-0 Bd6 10. Bd2 Qc7 11. Ne4 Nxe4 12. Qxe4 Nd7 13. c4 Nf6 14. Qf3 Rd8 15. Bc3 Qe7 16. d5 cxd5 17. cxd5 e5 18. Rfe1 0-0 19. Bc2 Nd7 20. Re2 g6 21. Rae1 f5 22. Qe3 f4 23. Qf3 b5 24. a3 a6 25. Bb3 Qg5 26. Ba2 Rde8 27. Bb1 Rf7 28. Be4 Qh4 29. Rc1 g5 30. Bb4 Bxb4 31. axb4 Nf6 32. Bf5 h5 33. Be6 g4 34. Bxf7+ Kxf7 35. Rc7+ Kf8 36. Qc3 f3 37. Rxe5 Rd8 38. Re6 Ng8 39. Qg7# 1-0

[Event "Skopje Karposh op"]
[Site "Skopje"]
[Date "2012.04.14"]
[Round "9"]
[White "Mitkovski, Zarko"]
[Black "Markovski, Velo"]
[Result "1-0"]
[WhiteElo "2185"]
[BlackElo "2040"]
[PlyCount "105"]
[EventDate "2012.04.07"]
[EventType "swiss"]
[EventRounds "9"]
[EventCountry "MKD"]
[SourceTitle "CBM 147 Extra"]
[Source "ChessBase"]
[SourceDate "2012.04.24"]
[SourceVersion "1"]
[SourceVersionDate "2012.04.24"]
[SourceQuality "1"]

1. e4 d5 2. exd5 Qxd5 3. Nc3 Qa5 4. g3 Nf6 5. Bg2 c6 6. Nge2 Bg4 7. h3 Bxe2 8. Qxe2 e6 9. 0-0 Bd6 10. a3 0-0 11. Rb1 Qb6 12. d3 Nbd7 13. Be3 Qc7 14. Rfe1 Nd5 15. Bd2 N7f6 16. Ne4 Be7 17. c4 Nxe4 18. dxe4 Nb6 19. e5 Rfd8 20. Ba5 Rd4 21. Qc2 c5 22. b3 Rad8 23. Bc3 R4d7 24. Be4 g6 25. h4 Bf8 26. Rbd1 Nc8 27. Rxd7 Qxd7 28. Re2 b6 29. Rd2 Qc7 30. Qd1 Rxd2 31. Qxd2 Ne7 32. a4 Nc6 33. Bxc6 Qxc6 34. Qd8 Qe4 35. Bd2 Qxe5 36. Bh6 Qd6 37. Qa8 a5 38. Qc8 e5 39. Bxf8 Qxf8 40. Qc7 Qa8 41. Qxb6 Qe4 42. Qxc5 Qb1+ 43. Kg2 Qxb3 44. Qb5 Qc3 45. c5 e4 46. Qe8+ Kg7 47. c6 Qf3+ 48. Kg1 Qd1+ 49. Kh2 Qd4 50. Kg2 Qd5 51. Qd7 Qd3 52. Qxd3 exd3 53. Kf3 1-0

[Event "Skopje op 19th"]
[Site "Skopje"]
[Date "2011.10.24"]
[Round "1"]
[White "Markovski, Velo"]
[Black "Jianu, Vlad Cristian"]
[Result "0-1"]
[WhiteElo "2046"]
[BlackElo "2502"]
[PlyCount "100"]
[EventDate "2011.10.24"]
[EventType "swiss"]
[EventRounds "9"]
[EventCountry "MKD"]
[SourceTitle "EXT 2012"]
[Source "ChessBase"]
[SourceDate "2011.11.24"]
[SourceVersion "1"]
[SourceVersionDate "2011.11.24"]
[SourceQuality "1"]

1. e4 c5 2. Nf3 d6 3. d4 cxd4 4. Nxd4 Nf6 5. Nc3 g6 6. Be2 Bg7 7. Be3 Nc6 8. Nxc6 bxc6 9. 0-0 0-0 10. Qd2 Re8 11. Rad1 Qa5 12. Bd4 Rb8 13. b3 Rb4 14. Bxf6 Bxf6 15. Nb1 Qc5 16. c4 a5 17. Nc3 Be6 18. Na4 Qa7 19. Kh1 Reb8 20. f4 Rxa4 21. bxa4 Rb2 22. Qd3 Rxa2 23. f5 Bd7 24. fxg6 hxg6 25. h3 Qc5 26. Rd2 Ra3 27. Qc2 Bxh3 28. gxh3 Rxh3+ 29. Kg2 Rc3 30. Qd1 Qg5+ 31. Bg4 Be5 32. Rd3 Rxd3 33. Qxd3 Qxg4+ 34. Kf2 c5 35. Qf3 Qe6 36. Rc1 Qd7 37. Qb3 Qg4 38. Qf3 Qg5 39. Rh1 Qd2+ 40. Qe2 Qf4+ 41. Kg2 Qg3+ 42. Kf1 Bd4 43. Qg2 Qf4+ 44. Ke2 Qe3+ 45. Kd1 Qb3+ 46. Ke1 Qb4+ 47. Ke2 Qxc4+ 48. Kf3 Qd3+ 49. Kg4 d5 50. Re1 dxe4 0-1

[Event "Skopje-ch op"]
[Site "Skopje"]
[Date "2010.12.09"]
[Round "6"]
[White "Markovski, Velo"]
[Black "Bejatovic, Bojana"]
[Result "0-1"]
[WhiteElo "2042"]
[BlackElo "1906"]
[PlyCount "48"]
[EventDate "2010.12.04"]
[EventType "swiss"]
[EventRounds "9"]
[EventCountry "MKD"]
[SourceTitle "CBM 139 Extra"]
[Source "ChessBase"]
[SourceDate "2011.01.05"]
[SourceVersion "1"]
[SourceVersionDate "2011.01.05"]
[SourceQuality "1"]

1. e4 d6 2. d4 Nf6 3. Nc3 g6 4. h4 h5 5. Bg5 Bg7 6. Qd2 c6 7. 0-0-0 b5 8. Bd3 Nbd7 9. Nf3 e5 10. dxe5 dxe5 11. Nxb5 0-0 12. Nd6 Rb8 13. Nc4 Qc7 14. Nfxe5 Nxe5 15. Nxe5 Qxe5 16. c3 Nxe4 17. Qe3 Nxc3 18. Qxe5 Nxa2+ 19. Kb1 Bxe5 20. Kxa2 Rxb2+ 21. Ka3 Be6 22. Rb1 Ra2+ 23. Kb4 Bd4 24. Bf4 a5# 0-1

[Event "Skopje-ch op"]
[Site "Skopje"]
[Date "2010.12.08"]
[Round "5"]
[White "Mitkov, Marjan"]
[Black "Markovski, Velo"]
[Result "1-0"]
[WhiteElo "2410"]
[BlackElo "2042"]
[PlyCount "77"]
[EventDate "2010.12.04"]
[EventType "swiss"]
[EventRounds "9"]
[EventCountry "MKD"]
[SourceTitle "CBM 139 Extra"]
[Source "ChessBase"]
[SourceDate "2011.01.05"]
[SourceVersion "1"]
[SourceVersionDate "2011.01.05"]
[SourceQuality "1"]

1. d4 e6 2. g3 f5 3. Bg2 Nf6 4. c4 Bb4+ 5. Bd2 c5 6. Bxb4 cxb4 7. Nf3 0-0 8. 0-0 Ne4 9. Nbd2 b5 10. cxb5 Bb7 11. Nxe4 fxe4 12. Nd2 d5 13. Qb3 Qb6 14. e3 Qxb5 15. a4 Qa5 16. Rfc1 Nd7 17. Bh3 Rf6 18. Nxe4 dxe4 19. Bxe6+ Kh8 20. Bxd7 Raf8 21. Qc4 b3 22. Qxb3 Qh5 23. Rc2 Ba6 24. Re1 Bd3 25. Rd2 g5 26. Qd1 Qf7 27. Bb5 Rxf2 28. Bxd3 exd3 29. e4 g4 30. e5 Rf3 31. b3 Qf5 32. e6 h5 33. e7 Re8 34. Re5 Qg6 35. Qe1 Kg8 36. Qe4 Qf6 37. Kg2 Kg7 38. Rxh5 Rf1 39. Qh7# 1-0

[Event "FRM-ch 17th"]
[Site "Struga"]
[Date "2008.07.18"]
[Round "5"]
[White "Bogdanovski, Vlatko"]
[Black "Markovski, Velo"]
[Result "1-0"]
[WhiteElo "2388"]
[BlackElo "2057"]
[PlyCount "83"]
[EventDate "2008.07.14"]
[EventType "swiss"]
[EventRounds "9"]
[EventCountry "MKD"]
[SourceTitle "CBM 125 Extra"]
[Source "ChessBase"]
[SourceDate "2008.09.01"]
[SourceVersion "1"]
[SourceVersionDate "2008.09.01"]
[SourceQuality "1"]

1. d4 Nf6 2. Nf3 e6 3. g3 b6 4. Bg2 Bb7 5. c4 Bb4+ 6. Bd2 Bxd2+ 7. Qxd2 0-0 8. 0-0 a5 9. Qc2 Be4 10. Qb3 Na6 11. Nc3 Bxf3 12. Bxf3 c6 13. Rac1 Rb8 14. Rfd1 Nc7 15. d5 exd5 16. cxd5 cxd5 17. Nxd5 Ncxd5 18. Bxd5 Qe7 19. Bf3 h6 20. Rc7 Qe6 21. Qxe6 dxe6 22. Kf1 Rfc8 23. Rdc1 Rxc7 24. Rxc7 g5 25. Ke1 Kg7 26. h3 Kg6 27. a3 Kg7 28. e3 Ne8 29. Ra7 Rd8 30. Rb7 Rd6 31. Bh5 e5 32. Rxf7+ Kg8 33. Re7 Nf6 34. Be2 e4 35. Re5 Kf8 36. Bb5 Kf7 37. a4 Kg6 38. Ke2 h5 39. Bc4 Rc6 40. b3 Rd6 41. h4 gxh4 42. gxh4 1-0

[Event "Skopje op"]
[Site "Skopje"]
[Date "2008.04.23"]
[Round "9"]
[White "Stojanovski, Stefan"]
[Black "Markovski, Velo"]
[Result "1-0"]
[WhiteElo "1986"]
[BlackElo "2086"]
[PlyCount "105"]
[EventDate "2008.04.16"]
[EventType "swiss"]
[EventRounds "9"]
[EventCountry "MKD"]
[SourceTitle "EXT 2011"]
[Source "ChessBase"]
[SourceDate "2010.11.26"]
[SourceVersion "1"]
[SourceVersionDate "2010.11.26"]
[SourceQuality "1"]

1. d4 Nf6 2. c4 e6 3. Nc3 d5 4. Nf3 c6 5. Bg5 Bd6 6. e3 Nbd7 7. cxd5 exd5 8. Bd3 Qc7 9. Qc2 h6 10. Bh4 a5 11. 0-0 Ng4 12. Bg3 Bxg3 13. hxg3 Ndf6 14. Rae1 0-0 15. Nh4 Re8 16. Nf5 Bd7 17. Qc1 Ne4 18. Nxd5 Qd8 19. Nde7+ Rxe7 20. Nxe7+ Qxe7 21. Bxe4 Qxe4 22. f3 Qg6 23. fxg4 Qxg4 24. Rf3 Be6 25. a3 f5 26. Kf2 Bd5 27. Rf4 Qg6 28. Qc2 Rf8 29. Qc5 Qe8 30. Qc2 Qe6 31. g4 fxg4 32. Rxf8+ Kxf8 33. e4 Qf6+ 34. Ke2 Bf7 35. Rf1 Qxd4 36. Rf4 Kg8 37. b3 g3 38. Qd3 Bh5+ 39. Kd2 Qb2+ 40. Qc2 Qxa3 41. e5 Bf7 42. Rd4 Qe7 43. Qc3 Qg5+ 44. Kc2 Qf5+ 45. Kb2 Bg6 46. Rd1 b5 47. Re1 b4 48. Qd2 Qe6 49. Qd8+ Kh7 50. Qd6 Qf5 51. Qd2 c5 52. e6 Qf6+ 53. Ka2 1-0

[Event "Skopje op"]
[Site "Skopje"]
[Date "2008.04.22"]
[Round "8"]
[White "Markovski, Velo"]
[Black "Kostadinovski, Zoran"]
[Result "0-1"]
[WhiteElo "2086"]
[BlackElo "2041"]
[PlyCount "88"]
[EventDate "2008.04.16"]
[EventType "swiss"]
[EventRounds "9"]
[EventCountry "MKD"]
[SourceTitle "EXT 2011"]
[Source "ChessBase"]
[SourceDate "2010.11.26"]
[SourceVersion "1"]
[SourceVersionDate "2010.11.26"]
[SourceQuality "1"]

1. e4 c6 2. c4 e5 3. Nf3 Qc7 4. d4 d6 5. Bd3 Bg4 6. Be3 Nd7 7. 0-0 Bxf3 8. Qxf3 g6 9. Nc3 a6 10. b4 Bg7 11. d5 c5 12. bxc5 Nxc5 13. Bxc5 Qxc5 14. Rab1 Qc7 15. Bc2 Nf6 16. Ba4+ Ke7 17. c5 Rhd8 18. Rb6 Rab8 19. Rfb1 Qxc5 20. Rxb7+ Rxb7 21. Rxb7+ Kf8 22. g4 g5 23. Bc6 Kg8 24. h4 h6 25. hxg5 hxg5 26. a4 Rf8 27. Ne2 Qc2 28. Ng3 Qc1+ 29. Nf1 Qe1 30. Qe3 Qxe3 31. Nxe3 Nxe4 32. Rd7 Rb8 33. f3 Rb1+ 34. Kg2 Rb2+ 35. Kg1 Rb1+ 36. Kh2 Rb2+ 37. Ng2 Nd2 38. Kg3 Nf1+ 39. Kh3 e4 40. fxe4 Rb3+ 41. Ne3 Rxe3+ 42. Kg2 Nd2 43. Rxd6 Re2+ 44. Kg1 Bd4+ 0-1

[Event "Skopje op"]
[Site "Skopje"]
[Date "2008.04.19"]
[Round "4"]
[White "Markovski, Velo"]
[Black "Jeremic, Milan1111"]
[Result "0-1"]
[WhiteElo "2086"]
[BlackElo "2007"]
[PlyCount "118"]
[EventDate "2008.04.16"]
[EventType "swiss"]
[EventRounds "9"]
[EventCountry "MKD"]
[SourceTitle "EXT 2011"]
[Source "ChessBase"]
[SourceDate "2010.11.26"]
[SourceVersion "1"]
[SourceVersionDate "2010.11.26"]
[SourceQuality "1"]

1. e4 d5 2. exd5 Nf6 3. d4 Nxd5 4. Bc4 Nb6 5. Bb3 e6 6. Nf3 Nc6 7. 0-0 Be7 8. c3 0-0 9. Nbd2 Na5 10. Bc2 c5 11. dxc5 Nd5 12. Ne4 f5 13. Ng3 Nc6 14. Qe2 Bxc5 15. Rd1 Qb6 16. Nxf5 Nf6 17. N5d4 Ng4 18. h3 Nxf2 19. Qxf2 e5 20. Qh4 Bf5 21. Bb3+ Kh8 22. Kh1 exd4 23. cxd4 Bd6 24. Ng5 Qc7 25. d5 Nd8 26. Bd2 Bg3 27. Qb4 Bd6 28. Qa4 Qe7 29. Re1 Qf6 30. Re8 Nf7 31. Rae1 Raxe8 32. Rxe8 Nxg5 33. Rxf8+ Bxf8 34. Qe8 Qe7 35. Qb8 Qd6 36. Qxd6 Bxd6 37. Bxg5 Kg8 38. Be3 a6 39. Bd4 Kf7 40. Kg1 h5 41. Kf2 Be4 42. g4 h4 43. a4 b5 44. a5 g6 45. Be3 Ke8 46. Kf1 Kd7 47. g5 Be5 48. Bf2 Bxb2 49. Bxh4 Bc3 50. Kf2 Bxa5 51. Ke3 Bf5 52. Bg3 Bc3 53. Bd1 a5 54. Be2 b4 55. Bb5+ Kd8 56. Ba4 Bd7 57. Bxd7 Kxd7 58. Kd3 a4 59. Kc2 Bg7 0-1

[Event "Skopje op"]
[Site "Skopje"]
[Date "2008.04.17"]
[Round "2"]
[White "Markovski, Velo"]
[Black "Danchevski, Orce"]
[Result "0-1"]
[WhiteElo "2086"]
[BlackElo "2435"]
[PlyCount "76"]
[EventDate "2008.04.16"]
[EventType "swiss"]
[EventRounds "9"]
[EventCountry "MKD"]
[SourceTitle "EXT 2011"]
[Source "ChessBase"]
[SourceDate "2010.11.26"]
[SourceVersion "1"]
[SourceVersionDate "2010.11.26"]
[SourceQuality "1"]

1. e4 c5 2. Nf3 Nc6 3. d4 cxd4 4. Nxd4 Nf6 5. Nc3 d6 6. Be2 e5 7. Nf3 h6 8. 0-0 Be6 9. Be3 Be7 10. Nd2 0-0 11. Rb1 d5 12. exd5 Nxd5 13. Nxd5 Bxd5 14. a3 f5 15. f3 Bg5 16. Bxg5 Qxg5 17. Qe1 Rfe8 18. Bc4 Rad8 19. Bxd5+ Rxd5 20. Nb3 Red8 21. Qe2 Nd4 22. Nxd4 Rxd4 23. Rbd1 Rd2 24. Rxd2 Rxd2 25. Qc4+ Kh7 26. g3 Qh5 27. h4 Qg6 28. g4 Rd4 29. Qc8 fxg4 30. f4 exf4 31. Re1 Rd2 32. Re6 Qxc2 33. Qxc2+ Rxc2 34. Re4 g5 35. hxg5 hxg5 36. Re7+ Kg6 37. Rxb7 g3 38. Rb3 Kf5 0-1

[Event "Macedonian op"]
[Site "Struga"]
[Date "2002.07.28"]
[Round "9"]
[White "Markovski, Velo"]
[Black "Ilic, Zoran"]
[Result "1-0"]
[WhiteElo "2124"]
[BlackElo "2360"]
[PlyCount "107"]
[EventDate "2002.07.20"]
[EventType "swiss"]
[EventRounds "9"]
[EventCountry "MKD"]
[SourceTitle "CBM 089 Extra"]
[Source "ChessBase"]
[SourceDate "2002.09.10"]
[SourceVersion "2"]
[SourceVersionDate "2002.09.10"]
[SourceQuality "1"]

1. e4 c5 2. Nf3 d6 3. Bc4 e6 4. 0-0 a6 5. a4 Nf6 6. Re1 Be7 7. c3 d5 8. exd5 exd5 9. Bb3 0-0 10. d4 c4 11. Bc2 Bg4 12. h3 Bh5 13. Bf4 Nc6 14. Nbd2 Bd6 15. Bxd6 Qxd6 16. Nf1 Rae8 17. Rxe8 Rxe8 18. Ng3 Bg6 19. Bxg6 hxg6 20. Qc2 Ne4 21. Nxe4 dxe4 22. Qe2 Qf4 23. Nd2 b5 24. axb5 axb5 25. Ra6 Qc7 26. Nxe4 Kf8 27. Qg4 f5 28. Qxg6 Ne7 29. Qd6 Qxd6 30. Nxd6 Rb8 31. Ra5 b4 32. cxb4 g6 33. Rb5 Rd8 34. Nxc4 Rxd4 35. Ne5 Rd1+ 36. Kh2 Rd2 37. f4 Rxb2 38. Rb8+ Kg7 39. Rb7 Kf6 40. Rb6+ Kg7 41. Re6 Nd5 42. Rxg6+ Kh7 43. Rg5 Nxf4 44. Nc6 Kh6 45. h4 Ng6 46. Rxf5 Nxh4 47. Rc5 Nxg2 48. Kg3 Kg6 49. b5 Kf7 50. Ne5+ Ke6 51. Nc4 Rc2 52. b6 Ne3 53. b7 Nf5+ 54. Rxf5 1-0